Score 0/26 Timer 03:00
1 Play Today
% Correct
Apple
99.8%
Strawberry
98%
Tomato
97.8%
Carrot
97.8%
Cherry
97.7%
Orange
96.8%
Corn
95.2%
Lemon
95%
Pumpkin
95%
Popcorn
94.4%
Cheese
94.3%
Pineapple
94.2%
Lime
93.9%
% Correct
Kiwi
93.2%
Cucumber
92.6%
Blueberry
92.1%
Radish
90.3%
Grapes
89.8%
Cabbage
88.9%
Eggplant
87.7%
Plum
86.2%
Mint
86%
Mango
72.6%
Red Cabbage
68.1%
Kumquat
44.1%
Fig
41%
Remove Ads.
Support Sporcle.
Get the best of Sporcle when you Go Orange. This ad-free experience offers more features, more stats, and more fun while also helping to support Sporcle. Thank you for becoming a member.

You're not logged in!

Compare scores with friends on all Sporcle quizzes.
OR
Log In

Show Comments

Extras

Top Quizzes Today


Score Distribution

Your Account Isn't Verified!

In order to create a playlist on Sporcle, you need to verify the email address you used during registration. Go to your Sporcle Settings to finish the process.

Report this User

Report this user for behavior that violates our Community Guidelines.

Details: